000 00262nam a2200109Ia 4500
008 220204s9999 xx 000 0 und d
082 _a802
_bSTR
100 _aStrevens, P
245 0 _aEnglish 901: A basic course
260 _aLondon
_bCassell
_c1964
942 _cBK
999 _c30384
_d30384